| 000 | 01315nam a2200253Ia 4500 | ||
|---|---|---|---|
| 003 | CO-CtgCURN | ||
| 005 | 20250408173621.0 | ||
| 008 | 190722s9999 xx 000 0 und d | ||
| 020 | _a8482722468 | ||
| 040 |
_aCO-CtgCURN _bspa _ccoctgcurn |
||
| 082 |
_a341.42 _bM938a |
||
| 100 | _aMoyano Bonilla, Cesar | ||
| 245 | 0 |
_aEl archipielago de San Andres y Providencia : _bestudio historico-juridico a la luz del derecho internacional / _cCesar Moyano Bonilla |
|
| 260 |
_aBogotá, Colombia : _bEditorial Temis, _c1983 |
||
| 300 |
_a773 páginas ; _c21 centímetros |
||
| 504 | _aIncluye referencias bibliográficas (p. [729]-741) | ||
| 505 | _aCap. 1. Planteamiento de la posicion Colombiana -- Cap. 2. Fundamentacion de la tesis de Colombia -- Cap. 3. Tratado Colombo-Nicaraguense de 1928 -- Cap. 4. Vigencia del tratado esguerra-barcenas : Nicaragua -- Cap. 5. Vigencia del tratado esguerra-barcenas : Colombia -- Cap. 6. El archipielago de San Andres y Providencia -- Cap. 7. Conclusiones. | ||
| 521 | _aAREA PROFESIONAL | ||
| 590 | _aPrograma de Derecho_18 | ||
| 650 | _aDerecho internacional público | ||
| 650 |
_aSan Andres y Providencia (Colombia) _xSituacion internacional |
||
| 942 |
_cBK _h341.42 _iM938a _2ddc _n0 |
||
| 999 |
_c28250 _d28250 |
||